Statistics for Scottish Challenge Cup Winners

Click here to take the quiz!

General Stats

  • This quiz has been taken 27 times
  • The average score is 11 of 17

Answer Stats

Answer% Correct
Rangers
100%
Dundee
89%
St Mirren
84%
Queen Of The South
79%
Alloa Athletic
68%
Inverness Caledonian Thistle
68%
Dundee United
68%
Falkirk
68%
Airdrieonians
63%
St Johnstone
63%
Airdrie United
63%
Raith Rovers
63%
Ross County
58%
Stranraer
53%
Hamilton Academical
53%
Stenhousemuir
47%
Livingston
47%

Score Distribution

Percentile by Number Answered

Percent of People with Each Score

Your Score History

You have not taken this quiz